| 000 | 00826nam0a22002531 4500 | ||
|---|---|---|---|
| 001 | rc\993495 | ||
| 005 | 20250622071333.0 | ||
| 035 | _a(NLR Aleph) 006160492 | ||
| 090 |
_a5857643 _c5857643 |
||
| 100 | _a20041129d1981 |||y0rusy50 ca | ||
| 101 | 0 | _arus | |
| 102 | _aRU | ||
| 105 | _aa ||||||||| | ||
| 200 | 1 |
_aОсновы радиоэлектроники _e[Учебник для физ. спец. ун-тов] |
|
| 210 |
_aМинск _cИзд-во БГУ _d1981 |
||
| 215 |
_a286 с. _cил. _d20 |
||
| 320 | _aБиблиогр.: с. 282 | ||
| 700 | 1 |
_aЕфимчик _bМ.К. _gМихаил Константинович |
|
| 701 | 1 |
_aШушкевич _bС.С. _gСтанислав Станиславович |
|
| 801 | 0 |
_aRU _bNLR _gpsbo |
|
| 801 | 1 |
_aRU _bELAR _2rusmarc |
|
| 852 |
_aNLR _j82-3/2125 |
||
| 942 | _cBOOK | ||
| 980 | _aNB | ||